Matematičeski metodi v ikonomikata teorija na verojatnostite i matematičeska statistika
Enregistré dans:
| Auteur principal: | |
|---|---|
| Autres auteurs: | |
| Format: | Livre |
| Langue: | bulgare |
| Publié: |
Varna
Visš institut za narodno stopanstvo "Dimitar Blagoev"
1985
|
| Tags: |
Pas de tags, Soyez le premier à ajouter un tag!
|
MARC
| LEADER | 00000nam a2200000 4500 | ||
|---|---|---|---|
| 001 | c110261 | ||
| 005 | 20071019144633.6 | ||
| 041 | 0 | |a bul | |
| 044 | |a BG | ||
| 245 | 1 | 0 | |a Matematičeski metodi v ikonomikata |b teorija na verojatnostite i matematičeska statistika |c Rafail Nikolov Stajkov, R. Nedev |
| 264 | 1 | |a Varna |b Visš institut za narodno stopanstvo "Dimitar Blagoev" |c 1985 | |
| 300 | |a 175 s. | ||
| 100 | 1 | |a Stajkov, Rafail Nikolov | |
| 700 | 1 | |a Nedev, R. | |